| 000 | 00579nam a2200181 4500 | ||
|---|---|---|---|
| 001 | 118577 | ||
| 003 | ES-MaACL | ||
| 005 | 20231226204637.0 | ||
| 007 | t| | ||
| 008 | 070214s1971 sp r ||||1| spa d | ||
| 100 | 1 |
_aPérez de Ayala, Ramón, _d1880-1962 _990763 |
|
| 245 | 1 | 0 |
_aTinieblas en las cumbres / _cRamón Pérez de Ayala ; edición, introducción y notas de Andrés amorós. |
| 260 |
_aMadrid : _bCastalia, _c1971. |
||
| 300 |
_a311 p. 3 láms. ; _c18 cm. |
||
| 700 | 1 |
_aAmorós, Andrés. _921309 |
|
| 852 |
_aES-MaACL _jC-40330 _bR.79019 |
||
| 999 |
_c118577 _d118577 |
||